000 00908cam a22002771 4500
001 sa 65010824
003 DLC
005 20260227112211.0
008 880202s1965 ii 000 0 eng
010 _asa 65010824
035 _a(OCoLC)19428913
040 _aDLC
_cMnU-L
_dDLC
042 _apremarc
043 _aa-ii---
050 0 0 _aKNS2650.A311962
_bD88 1965
110 1 _aIndia.
245 1 4 _aThe defence of India act, 1962 and rules with allied legislation /
_cedited by B. N. Dutt & B. R. Beotra.
250 _a2nd ed., /
_brev. by E. S. Subramaniam.
260 _aAllahabad (India) :
_bLaw Book Co.,
_c1965.
300 _axx, 568 p. ;
_c25 cm.
500 _aFirst ed. published in 1963 under title: Commentaries on the Defence of India act, 1962.
650 0 _aWar and emergency legislation
_zIndia.
700 1 _aDutt, B. N.
700 1 _aBeotra, B. R.
700 1 _aSubrahmanyam, E. S.
999 _c66966
_d66966